000 00328nam a22001337a 4500
008 170126b xxu||||| |||| 00| 0 eng d
020 _a9780534254889
041 _aeng
080 _25TH
_a61
100 _a3
101 _aMED
245 _aINTERVENTION AND REFLECTION BASIC ISSUES IN MEDICAL ETHICS
_cMUNSON, R
942 _2udc
_cBK
999 _c3798
_d3798